000 00597nam a2200181Ia 4500
005 20260429112059.0
008 260429s9999||||xx |||||||||||||| ||und||
020 _a9788126921348
041 _aHindi
082 _a320.01
_bPRA
100 _aप्रसाद, चन्द्रदेव
245 0 _aलोहिया का राजनीतिक दर्शन /
_cचन्द्रदेव प्रसाद
250 _ac
260 _aनई दिल्ली :
_bअटलांटिक,
_c2016.
300 _axv, 270 p.; Hb
650 _aलोहिया
942 _cTB
999 _c52250
_d52250